The risks and opportunities of doing business in the Middle East (Record no. 5230)

MARC details
000 -CABECERA
campo de control de longitud fija 01711nam a22002777a 4500
003 - IDENTIFICADOR DEL NÚMERO DE CONTROL
campo de control OSt
005 - FECHA Y HORA DE LA ÚLTIMA TRANSACCIÓN
campo de control 20260514175357.0
008 - DATOS DE LONGITUD FIJA--INFORMACIÓN GENERAL
campo de control de longitud fija 260121b |||||||| |||| 00| 0 eng d
022 ## - NÚMERO INTERNACIONAL NORMALIZADO PARA PUBLICACIONES SERIADAS
Número Internacional Normalizado para Publicaciones Seriadas 0035-5593
040 ## - FUENTE DE LA CATALOGACIÓN
Centro catalogador/agencia de origen TBS
Lengua de catalogación EN
Centro/agencia transcriptor TBS
041 ## - CÓDIGO DE LENGUA
Código de lengua del texto/banda sonora o título independiente eng
100 ## - ENTRADA PRINCIPAL--NOMBRE DE PERSONA
Nombre de persona Banham, Russ
9 (RLIN) 27078
245 ## - MENCIÓN DE TÍTULO
Título The risks and opportunities of doing business in the Middle East
Mención de responsabilidad, etc. / Russ Banham.
260 ## - PUBLICACIÓN, DISTRIBUCIÓN, ETC.
Nombre del editor, distribuidor, etc. Risk Management,
Fecha de publicación, distribución, etc. 2016.
300 ## - DESCRIPCIÓN FÍSICA
Extensión 20-25 pages.
362 ## - FECHAS DE PUBLICACIÓN Y/O DESIGNACIÓN SECUENCIAL
Fecha de publicación y/o designación secuencial Risk management, 2016-03, Vol.63 (2), p.20
520 ## - SUMARIO, ETC.
Sumario, etc. For several decades researchers have focused on the entry mode decision because it is critically important for firms expanding abroad. Despite this attention we still lack clear tools to help managers make effective entry decisions. In this paper I review past research exploring transaction cost and institutional perspectives of mode choice, provide a critique of this literature, and generate suggestions to move our knowledge forward. In addition, I review the limited research exploring entry mode performance, and emphasize the importance of examining the normative merits of proposed theoretical models. I hope these suggestions will lead to the development of prescriptive tools for managers to make better entry mode decisions that result in improved firm performance.
630 #0 - PUNTO DE ACCESO ADICIONAL DE MATERIA--TÍTULO UNIFORME
Título uniforme MSc International Business
9 (RLIN) 26977
650 #0 - PUNTO DE ACCESO ADICIONAL DE MATERIA--TÉRMINO DE MATERIA
Término de materia o nombre geográfico como elemento de entrada Business enterprises, Foreign
Subdivisión geográfica Middle East
9 (RLIN) 24200
650 #0 - PUNTO DE ACCESO ADICIONAL DE MATERIA--TÉRMINO DE MATERIA
Término de materia o nombre geográfico como elemento de entrada Investments, Foreign
Subdivisión geográfica Middle East
9 (RLIN) 27081
650 #0 - PUNTO DE ACCESO ADICIONAL DE MATERIA--TÉRMINO DE MATERIA
Término de materia o nombre geográfico como elemento de entrada Strategic planning
9 (RLIN) 3573
651 #0 - PUNTO DE ACCESO ADICIONAL DE MATERIA--NOMBRE GEOGRÁFICO
Nombre geográfico Middle East
Subdivisión general Commerce
9 (RLIN) 24202
651 #0 - PUNTO DE ACCESO ADICIONAL DE MATERIA--NOMBRE GEOGRÁFICO
Nombre geográfico Middle East
Subdivisión general Economic conditions
9 (RLIN) 27082
856 ## - LOCALIZACIÓN Y ACCESO ELECTRÓNICOS
Identificador Uniforme del Recurso <a href="https://research-ebsco-com.hub.tbs-education.fr/c/q5dvh4/viewer/pdf/woaumeecu5">https://research-ebsco-com.hub.tbs-education.fr/c/q5dvh4/viewer/pdf/woaumeecu5</a>
942 ## - ELEMENTOS DE ENTRADA AGREGADA (KOHA)
Fuente del sistema de clasificación o colocación Clasificación de Library of Congress
Holdings
Estado de retiro Estado de pérdida Fuente del sistema de clasificación o colocación Estado dañado No para préstamo Código de colección Biblioteca de origen Biblioteca actual Fecha de adquisición Total de préstamos Código de barras Fecha visto por última vez Identificador Uniforme del Recurso Precio válido a partir de Tipo de ítem Koha
    Clasificación de Library of Congress     Core Textbooks TBS Barcelona TBS Barcelona 14/05/2026   5230 14/05/2026 https://research-ebsco-com.hub.tbs-education.fr/c/q5dvh4/viewer/pdf/woaumeecu5 14/05/2026 Academic Article

Powered by Koha